Mixed Words: One Word M Quiz Stats

 Plays Quiz Updated Jul 6, 2021

Support Sporcle.
Go Orange.
Score 0/20 Timer 03:00
0 Plays Today
% Correct
Madagascar
90.2%
Mongolia
89.5%
Michigan
89.1%
Maryland
87.3%
Maggie
86.8%
Montana
86.3%
Marge
84.9%
Mercury
84.4%
Moldova
83.2%
Mona
81.8%
% Correct
Massachusetts
79.7%
Magnesium
78.3%
Minnesota
73.5%
Montenegro
70%
Myanmar
65.7%
Martin
59%
Manganese
50.7%
Milhouse
30.5%
Molybdenum
23.6%
Meitnerium
8.8%

You're not logged in!

Compare scores with friends on all Sporcle quizzes.
OR
Log In
Forgot?

From the Vault

Ends in 'QUE' II

by marinadelrey

No Spanish phrasebook required.
Remove Ads.
Support Sporcle.
Get the best of Sporcle when you Go Orange. This ad-free experience offers more features, more stats, and more fun while also helping to support Sporcle. Thank you for becoming a member.

Show Comments

Extras

Top Quizzes Today


Score Distribution

Your Account Isn't Verified!

In order to create a playlist on Sporcle, you need to verify the email address you used during registration. Go to your Sporcle Settings to finish the process.

Report this User

Report this user for behavior that violates our Community Guidelines.

Details: